000
00313nam a2200133Ia 4500
005
20251222152721.0
008
251222s9999||||xx |||||||||||||| ||spa||
082
_a
617.11/M84
100
_a
Moncrief, Artz
245
0
_a
Tratado de Quemaduras
250
_a
2da.ed.
264
_b
Interamericana S.A.
942
_c
LIB
999
_c
29579
_d
29579